Animals With Stripes-Picture Quiz - Statistics

General Stats
  • This quiz has been taken 54 times
  • The average score is 7 of 8
Answer Stats
Picture Answer % Correct
Zebra
100%
Tiger
94%
Bee
92%
Cat
90%
Skunk
85%
Chipmunk
77%
Lionfish
73%
Okapi
60%
No matching quizzes found
Score Distribution
Percent of People with Each Score
Percentile by Number Answered
Your Score History
You have not taken this quiz